Laboratory (kinematics) experiments for physics 201 / (Record no. 8947)
[ view plain ]
| 000 -LEADER | |
|---|---|
| fixed length control field | 00625nam a22002052 4500 |
| 001 - CONTROL NUMBER | |
| control field | 0000019326 |
| 005 - DATE AND TIME OF LATEST TRANSACTION | |
| control field | 20151217152153.0 |
| 008 - FIXED-LENGTH DATA ELEMENTS--GENERAL INFORMATION | |
| fixed length control field | 101026s xx 000 0 eng d |
| 020 ## - INTERNATIONAL STANDARD BOOK NUMBER | |
| International Standard Book Number | 0738011800 : |
| 040 ## - CATALOGING SOURCE | |
| Original cataloging agency | KABU |
| Transcribing agency | KABU |
| 245 10 - TITLE STATEMENT | |
| Title | Laboratory (kinematics) experiments for physics 201 / |
| Statement of responsibility, etc. | edited by Santos Ramirez. |
| 250 ## - EDITION STATEMENT | |
| Edition statement | 10th ed. |
| 260 ## - PUBLICATION, DISTRIBUTION, ETC. (IMPRINT) | |
| Place of publication, distribution, etc. | Plymouth, MI. : |
| Name of publisher, distributor, etc. | Hayden-McNeil, |
| Date of publication, distribution, etc. | 2005. |
| 300 ## - PHYSICAL DESCRIPTION | |
| Extent | xiv, 146 p. |
| 650 #0 - SUBJECT ADDED ENTRY--TOPICAL TERM | |
| Topical term or geographic name as entry element | Kinematics (physics) |
| -- | 0000160702 |
| 700 1# - ADDED ENTRY--PERSONAL NAME | |
| Personal name | Ramirez, Santos. |
| -- | 0000160701 |
| 852 1# - LOCATION | |
| -- | p500 KES |
| 908 ## - PUT COMMAND PARAMETER (RLIN) | |
| Put command parameter | 101026 |
| 950 ## - LOCAL HOLDINGS (RLIN) | |
| -- | 1 |
| Withdrawn status | Lost status | Source of classification or shelving scheme | Not for loan | Home library | Current library | Date acquired | Total Checkouts | Full call number | Barcode | Date last seen | Date last checked out | Price effective from | Koha item type |
|---|---|---|---|---|---|---|---|---|---|---|---|---|---|
| Library of Congress Classification | Kabarak, Main Campus | Kabarak, Main Campus | 17/12/2015 | 1 | QC135 .L33 2005 c. 1 | 23844 | 18/07/2017 | 14/07/2017 | 17/12/2015 | General Collection |